| 000 | 00918nam a2200265Ia 4500 | ||
|---|---|---|---|
| 005 | 20251020182458.0 | ||
| 008 | 200515s9999 xx 000 0 und d | ||
| 082 | _a624.182/G21 | ||
| 100 | _aGallegos Vargas, Héctor | ||
| 245 | 0 | _aDiseño, cálculo y construcción de edificios de Albañilería | |
| 260 | _aLima | ||
| 260 | _bCONCYTEC ; COLEGIO DE INGENIEROS DEL PERÚ | ||
| 260 | _cs. a. | ||
| 300 | _a397 p. | ||
| 300 | _bil., tbl., graf. | ||
| 500 | _a1 ejemplar | ||
| 520 | _aAnaliza el rol, las posibilidades y demandas de la albañilería en general, y en especial, de la albañilería estructural como solución constructiva de edificaciones ubicadas en áreas sísmicas para edificios de 4 a 6 pisos, en el contexto de minimizar este | ||
| 650 | _aALBAÑILERIA | ||
| 650 | _aCONCRETO | ||
| 650 | _aMORTEROS | ||
| 650 | _aNORMA E-70 | ||
| 650 | _aNORMAS | ||
| 942 | _cLIB | ||
| 999 |
_c1078 _d1078 |
||